| 000 | 01057nam a2200265Ia 4500 | ||
|---|---|---|---|
| 999 |
_c54912 _d54912 |
||
| 001 | 21983 | ||
| 003 | GE_BSU | ||
| 005 | 20220921170611.0 | ||
| 008 | 181216s ||||ge |||||||||||||| ||geo|| | ||
| 020 | _a9789994095582 | ||
| 040 | _cGE_BSU | ||
| 041 | _ageo | ||
| 080 | _a53(479.22)(092) ლ-90 | ||
| 245 |
_aლუდვიგ (იური) ჩაჩხიანი 70 / _cრედ. თ. ჯადოგნიშვილი. |
||
| 264 |
_aთბილისი : _bტექნ. უნ-ტი, _c2007. |
||
| 300 |
_a230 გვ. : _bილ. ; _c21 სმ. |
||
| 500 | _aგარეკანზე სათაური იური ჩაჩხიანი | ||
| 541 | _h8ლ. | ||
| 653 | _aლუდვიგ (იური) ჩაჩხიანი 70 | ||
| 653 | _aფიზიკა | ||
| 653 | _aქართველი ფიზიკოსები | ||
| 653 | _aჩაჩხიანი, ლუდვიგ (იური) | ||
| 700 |
_aჯადოგნიშვილი, თ. _eრედაქტორი _94610 |
||
| 942 |
_cBK _2udc |
||